Представление документа в формате MARC21

Поле Инд. ПП Название Значение
Тип записи a
Библиографический уровень m
001 Контрольный номер 7c0de7e66c9745e0adf90aa16ddde241
005 Дата корректировки 20260527113005.2
020 a ISBN 978-5-534-17241-6
040 b Код языка каталог. rus
e Правила каталог. PSBO
041 0_ a Код языка текста rus
080 a Индекс УДК 339.9(075.32)
097 b Оператор *Ст*
097 b Оператор *Ир*
100 1_ a Автор Прокушев Е.Ф.
245 10 a Заглавие Внешнеэкономическая деятельность
b Продолж. заглавия учебник и практикум для среднего профессионального образования
b Продолж. заглавия в составе учебно-методического комплекса
c Ответственность под редакцией Е.Ф. Прокушева
260 a Место издания Москва
b Издательство Юрайт
c Дата издания 2026
300 a Объем 479 с.
b Иллюстрации/ тип воспроизводства табл.
440 _0 a Серия Профессиональное образование
440 _0 a Серия УМК-У
516 8_ a Прим. о типе комп. файла/ данных Текст : электронный
a Прим. о типе комп. файла/ данных Режим доступа: по подписке
a Прим. о типе комп. файла/ данных Дата обращения: 02.03.2026
520 0_ a Аннотация В курсе изложен анализ структуры и динамики показателей развития внешнеэкономической деятельности России и зарубежных стран, приведены сведения об основах внешнеэкономической деятельности предприятий, видах государственного регулирования внешнеторговой и таможенной деятельности Российской Федерации в соответствии с таможенным законодательством Евразийского экономического союза, законодательством Российской Федерации о таможенном регулировании. Рассматриваются вопросы продажи на внешнем рынке товаров, машин и оборудования, лицензий и ноу-хау, торговли услугами, продвижения товаров на мировом рынке. В данном издании особое внимание уделено организации и технологии внешнеторговых операций, технике заключения контрактов, базисным условиям поставки товаров в соответствии с Инкотермс. Соответствует актуальным требованиям федерального государственного образовательного стандарта среднего профессионального образования и профессиональным требованиям. Для студентов образовательных учреждений среднего профессионального образования.
535 1_ a Хранилище Образовательная платформа Юрайт
583 a Действие Приписка : УМК
653 0_ a Ключевые слова СПО
653 0_ a Ключевые слова Внешнеэкономическая деятельность
653 0_ a Ключевые слова Государственное регулирование
653 0_ a Ключевые слова Таможенная деятельность
653 0_ a Ключевые слова Внешняя торговля
653 0_ a Ключевые слова Торговля лицензиями
653 0_ a Ключевые слова Ноу-хау
653 0_ a Ключевые слова Торговли услугами
655 07 a Жанр/ форма (устаревшее) У
700 12 a Другие авторы Костин А.А.
773 18 w Контрольный № источника b9cec07690624c17b6cbdc11fe9aa37a
856 40 u URL https://urait.ru/bcode/589353
901 t Тип документа m
905 b Дата создания записи обработка 10.03.26
c Дата приписки 27.05.26
952 a Тип литературы для КСУ ВШ *У1*
952 e Факультет *ФУСК*
952 b Гриф литературы для ВШ Гриф УМО СПО
990 g Размещение заказа (DOS) Образовательная платформа Юрайт
990 f Даты поступлений (DOS) 10.03.26
j Количество экземпляров (DOS) 1
990 c Приоритет заказа (DOS) *д*
h N записи в КСУ для Б/У (DOS) 1000/2026
j Количество экземпляров (DOS) 1